Buď pochválené leto

Bibliographic Details
Main Author: Švandrlík, Miloslav, 1932-2009 (Author)
Format: Article
Language:Slovak
Subjects:

MARC

LEADER 00000nab a2200000 a 4500
001 vtls000227401
003 SK-MaSNL
005 20260304133557.0
008 160202c1985 xo 0 slo
015 |a SNBRB19rr/mm-uuuuu 
035 |a CL0237515 
040 |a SNKBUCL  |b slo  |c SNKBUCL  |e AACR2 
041 0 |a slo 
044 |a xo  |c SK 
080 |a 885.0-7  |2 1981 
100 1 |a Švandrlík, Miloslav,  |d 1932-2009  |4 aut  |9 248648 
245 1 0 |a Buď pochválené leto  |c Miloslav Švandrlík 
500 |a V rubrike Próza - Poézia - Próza. Pod spoločným názvom Zasmejme sa a podumajme. 
650 0 7 |a humoristické poviedky  |2 snkbucl  |9 74226 
655 7 |a články z novín a časopisov  |2 snkbucl  |9 267496 
655 7 |a články z odboru literárna veda a krásna literatúra  |2 snkbucl  |9 770045 
773 0 |t Ľud  |g Roč. 38, č. 215 (12. 9. 1985), s. 10 
850 |a Slovenská národná knižnica v Martine  |a MTA001 
852 |a SNK  |b KIS3GCP 
958 |a RK 
958 |a CZ 
958 |a LX 
992 |a RBX 
999 |c 2902421  |d 2904351